Điều tra thành phần loài chim bị săn bắn, buôn bán trên địa bàn tỉnh Đồng Tháp Khóa luận tốt nghiệp : Ngành Sư phạm Sinh học .Trình độ : Đại học

Sparad:
Bibliografiska uppgifter
Huvudupphovsman: Võ, Châu Hạnh
Övriga upphovsmän: Đỗ, Thị Như Uyên
Materialtyp: Lärdomsprov Materialpaket Bok
Språk:Vietnamese
Publicerad: Đồng Tháp Trường Đại học Đồng Tháp 2013
Ämnen:
Taggar: Lägg till en tagg
Inga taggar, Lägg till första taggen!
Thư viện lưu trữ: Trung tâm Học liệu Lê Vũ Hùng, Trường Đại học Đồng Tháp
LEADER 01377ppm a22003618a 4500
001 00031800
005 20171026081025.0
008 140219s2013 ||||||viesd
041 0 # |a vie 
082 1 4 |a 598.095 978 9  |b Đ309TR 
100 0 # |a Võ, Châu Hạnh 
245 1 0 |a Điều tra thành phần loài chim bị săn bắn, buôn bán trên địa bàn tỉnh Đồng Tháp  |b Khóa luận tốt nghiệp : Ngành Sư phạm Sinh học .Trình độ : Đại học  |c Võ Châu Hạnh; Đỗ Thị Như Uyên (hướng dẫn) 
260 # # |a Đồng Tháp  |b Trường Đại học Đồng Tháp  |c 2013 
300 # # |a 63 tr. + phụ lục  |c 30 cm.  |e 1 bản tóm tắt  |b minh họa 
500 # # |a ĐTTS ghi: Bộ Giáo dục và Đào tạo. Trường Đại học Đồng Tháp. Khoa Sinh học 
653 # # |a Buôn bán 
653 # # |a Đồng Tháp 
653 # # |a Điều tra 
653 # # |a Thành phần loài 
653 # # |a Săn bắn 
653 # # |a Loài chim 
700 1 # |a Đỗ, Thị Như Uyên  |e hướng dẫn 
852 # # |j KD.0015386 
852 # # |b Kho đọc  |j KD.0015386 
910 0 # |d 03/03/2014 
980 # # |a Trung tâm Học liệu Lê Vũ Hùng, Trường Đại học Đồng Tháp